000 00447nam a2200181Ia 4500
005 20250603144704.0
008 250603s9999 xx 000 0 und d
020 _a9781032184227
050 _aPN 1995.7 .D83/
100 _aDubowsky, Jack Curtis
245 0 _aComposing for silent film
260 _aLondon
260 _bRoutledge Taylor & Francis Group
260 _c2024
300 _axiii, 122p. ill.
650 _aLondon
942 _cBK
999 _c39659
_d39659